000 00286nam a2200097Ia 4500
082 _a641.81|TART
245 0 _aTarts : seasonal sweet and savoury tarts
100 _a Bester, Tina Cape Town, South Africa, 2013
_968200
942 _cBK
008 210817s9999 xx 000 0 und d
999 _c220349
_d220348